| 000 | 00395cam a2200157ua 4500 | ||
|---|---|---|---|
| 041 |
_amal _h |
||
| 082 |
_a894.812 308 _bPAN/SA |
||
| 100 | _aPanikkar, N P . | ||
| 245 |
_aSarappoli-mala / _cN P Panikkar. _hTextual Documents |
||
| 250 |
_a1 / _b. |
||
| 260 |
_aKottayam : _bThe New India Publishing House , _c1955. |
||
| 300 | _a124 ; . | ||
| 504 | _a | ||
| 942 | _cBK | ||
| 999 |
_c3814 _d3814 |
||